000 00482nam a2200181Ia 4500
001 72295
008 160401s9999 xx 000 0 und d
020 _a9781594487101
040 _cPK-LaUMT
082 _a 320.955
_bSEC-C
100 _aSecor, Laura
245 _aChildren of paradise
_bthe struggle for the soul of Iran
_cSecor, Laura
260 _aNew York,USA:
_bRegan Books,
_c2016
300 _a508 p.
546 _aEN
650 _aInran-Political conditions
942 _cBK
999 _c85275
_d85275